QCM - Les mystérieuses cités d'or - Saison 1 - Statistiques

Statistiques générales
  • Ce quiz a été pris 197 fois
  • Le résultat moyen est 12 sur 15
Statistiques - réponses
Question Réponse % Correct
Comment s'appelle la personne ayant sauvé Esteban de la noyade ? Mendoza
99%
Qu'est-ce qui est nécessaire pour ouvrir une cité d'or ? La partie du médaillon d'Esteban et de Zia
98%
Comment s'appelle les deux acolytes accompagnant la personne qui a sauvé Esteban de la noyade ? Sancho et Pedro
97%
Comment se nomme le perroquet de Tao ? Pichu
96%
Comment se nomme le bateau de Tao sur lequel les héros quittent l'île de Tao ? Solaris
96%
Quel est le nom du navire sur lequel embarque Esteban au début de la saison 1 ? L'Esperanza
90%
Zia est une (1), elle a la capacité de déchiffrer les (2), elle a été enlevée par (3). Enfin, elle a été emmenée par (3) à (4) (1) Inca/ (2) quipu/ (3) Pizzaro/ (4) Barcelone
89%
Esteban est surnommée (1) et on apprend également qu'il est le dernier descendant des (2) alors que (3), lui, est le dernier descendant de (4) civilisation rivale de (2) (1) le fils du soleil/ (2) Atlantes/ (3) Tao/ (4) l'empire de Mu
89%
Combien y-a-t-il de cités d'or à découvrir ? 7
87%
Quel est le nom du père de Zia ? Papacamayo
82%
Comment s'appelle les ennemis (1) des Mayas ? Et quel est le nom de leur chef (2) ? Et où vivent-ils (3) ? (1) Olmèque / (2) Ménator/ (3) Bouclier fumant
79%
Comment s'appelle la personne ayant trahi son peuple (1) ? Quel est le nom de son complice (2) ? (1) Marinché / (2) Docteur Laguerra
68%
Que découvre nos héros dans la première cité d'or ? Le grand condor
66%
Quel est le prénom du père d'Esteban ? Athanaos
62%
Bonus : Dans la saison 4, dans quel monument est construit la cité bouclier ? Château de Chambord
46%
Aucun quiz correspondant
Distribution des résultats
% des personnes avec chaque résultat
Percentile par nombre de réponses
Votre historique - résultats
Vous n’avez pas pris ce quiz